Statistics for Pobjednici Hrvatskog nogometnog kupa

Click here to take the quiz!

General Stats

  • This quiz has been taken 393 times
  • The average score is 4 of 5

Answer Stats

Broj naslovaZadnji naslovKlub% Correct
172024.Dinamo Zagreb
100%
82023.Hajduk Split
97%
62020.Rijeka
96%
11999.Osijek
74%
11992.Inter Zaprešić
33%

Score Distribution

Percentile by Number Answered

Percent of People with Each Score

Your Score History

You have not taken this quiz